MDQL
is popping MORE tags! Check the
thread
!
Quizzes
Events
Quiz Creation
Community
Videos
Private Events
Remove Ads
Sign In
Join for FREE
Feedback
Dark Mode
Quiz Categories
Sports
Geography
Music
Movies
Television
Just For Fun
Miscellaneous
History
Literature
Language
Science
Gaming
Entertainment
Religion
Holiday
For Kids
Quiz Lab
Recent
Popular Today
Quiz Kudos Today
Editor Picks
Curator Picks
Quizzes by...
Day
Popularity
Type
Ratings
Length
Year
Community
Subscriptions
Recent Discussions
Orange Saloon
Badges
Playlists
Quests
Create
Leaderboards
Showdown
Live 5
Trivia Bingo
Activity
Puzzle Library
Sporcle Events
Private Events
Virtual Trivia
Globe League
Become a Host
Pub Owners
SporcleCon
Opinionation
Our Games
Videos
Blog
Mobile Apps
Partnerships
Remove Ads and Go Orange
Feedback
Music
Pop Music
The Beatles
Song
Album
Lyrics
Bands
Singers
Artist
Clip
Rock
Rap
Classical
Billboard
Country Music
Kpop
Taylor Swift
Music
Pop Music
The Beatles
Song
Album
Lyrics
Bands
Singers
Artist
Clip
Rock
Rap
Classical
Billboard
Country Music
Kpop
Taylor Swift
Random Quiz
Search Sporcle
×
Quiz Lab
Quiz Lab
Music
Lyrics
Type in answers that appear in a list
Type in answers that appear in a list
Classic
Best Score? Go Orange.
Lyrics: 'Degausser' by Brand New Stats
Can you name the lyrics to 'Degausser' by Brand New?
By
Fish1987
15m
290 Questions
258 Plays
258 Plays
258 Plays
Comments
Comments
Give Quiz Kudos
Give Quiz Kudos
-
- Ratings
hide this ad
Replay
Link that replays current quiz
Next Quiz
Link to next quiz in quiz playlist
You Got
0%
They Got
Avg Score
81%
Avg Friend Score
Upgrade to see
Score Distribution
Jump to the score distribution portion of the page
Score
0/290
Timer
15:00
0
Plays Today
% Correct
the
98.4%
and
98.4%
the
98.4%
a
98.4%
the
98.4%
and
98.4%
the
98.4%
the
98.4%
(and
98.4%
the
98.4%
the
98.4%
the
98.4%
the
98.4%
the
98.4%
a
98.4%
and
98.4%
the
98.4%
the
98.4%
the
98.4%
the
98.4%
the
98.4%
and
98.4%
the
98.4%
and
98.4%
the
98.4%
the
98.4%
the
98.4%
I
98%
I
98%
I
98%
I
98%
I
98%
I
98%
I
98%
I
98%
I
98%
I
98%
I
98%
I
98%
you
94.5%
you
94.5%
you
94.5%
you
94.5%
you
94.5%
you
94.5%
you
94.5%
you
94.5%
you
94.5%
you
94.5%
you
94.5%
to
92.9%
to
92.9%
to
92.9%
to
92.9%
to
92.9%
to
92.9%
is
92.1%
is
92.1%
is
92.1%
is
92.1%
is
92.1%
is
92.1%
[Repeat x4]
91.7%
[Repeat x2]
91.7%
in
90.9%
in
90.9%
in,
90.9%
in.
90.9%
in.
90.9%
in,
90.9%
in.
90.9%
in.
90.9%
take
89.4%
it
89.4%
it
89.4%
it.
89.4%
take
89.4%
Take
89.4%
[Chorus]
89.4%
take
89.4%
take
89.4%
it
89.4%
[Chorus]
89.4%
Take
89.4%
take
89.4%
it
89.4%
Take
89.4%
your
88.6%
your
88.6%
we
88.6%
we
88.6%
your
88.6%
your
88.6%
this
88.2%
what
88.2%
this
88.2%
head
88.2%
% Correct
head.
88.2%
head.
88.2%
do
88.2%
what
88.2%
head.
88.2%
love,
87.8%
love
87.8%
love
87.8%
love)
87.8%
Goodbye
87.4%
apart
87.4%
Goodbye
87.4%
Goodbye
87.4%
apart
87.4%
apart
87.4%
that
87.4%
apart,
87.4%
that
87.4%
apart
87.4%
(goodbye
87.4%
that
87.4%
sleep,
86.6%
sleep
86.6%
so
86.6%
so
86.6%
my
86.2%
my
86.2%
my
86.2%
my
86.2%
my
86.2%
my
86.2%
my
86.2%
my
86.2%
my
86.2%
my
86.2%
up
85%
up
85%
up
85%
up
85%
think
84.3%
need.
84.3%
don't
84.3%
think
84.3%
don't
84.3%
don't
84.3%
me,
83.5%
me
83.5%
me,
83.5%
me
83.5%
exactly
82.7%
anything
81.5%
anything.
81.5%
anything
81.5%
anything
81.5%
bed
80.3%
bed
80.3%
I'll
79.9%
I'll
79.9%
I'll
79.9%
I'll
79.9%
back
79.5%
back
79.5%
When
79.5%
back
79.5%
when
79.5%
much
79.1%
hurts
79.1%
much
79.1%
hurts
79.1%
No
79.1%
right
78.7%
get
78.7%
right.
78.7%
right.
78.7%
get
78.7%
right.
78.7%
(Right
78.7%
but
78.3%
but
78.3%
bad
78%
bad
78%
bad
78%
bad
78%
bad
78%
let
77.6%
let
77.6%
mind
76.8%
storm
76.8%
coming,
76.8%
storm
76.8%
coming
76.8%
mind
76.8%
storm
76.8%
coming,
76.8%
storm
76.8%
coming
76.8%
You're
76.4%
% Correct
you're
76.4%
you're
76.4%
am
76.4%
never
76%
never
76%
never
76%
say
75.2%
Say
75.2%
say
75.2%
say,
75.2%
under
74.8%
skin
74.8%
parts
74.8%
parts
74.8%
under
74.8%
skin,
74.8%
parts
74.8%
parts
74.8%
wish
74%
were
74%
were
74%
wish
74%
they
73.2%
Well
72.8%
Well
72.8%
well
72.8%
Well
72.8%
Well
72.8%
life
72.4%
Now
72.4%
now
72.4%
test
72%
of
72%
you'd
72%
wear
72%
can't
71.7%
really
71.7%
ring.
71.7%
own
71.3%
own,
71.3%
down
71.3%
own,
71.3%
still
71.3%
has
70.9%
marks.
70.9%
king,
70.9%
wall
70.5%
wall).
70.5%
against
69.7%
matter
69.7%
against
69.7%
feeling,
69.3%
staying
68.9%
on
68.9%
some
68.9%
got
68.9%
sins,
68.9%
on
68.9%
made
68.5%
sing
68.5%
set
67.7%
saint
67.3%
job
67.3%
writing
67.3%
favourite
67.3%
little
66.9%
flock
66.5%
shake
66.5%
will
66.5%
push
66.1%
from
64.6%
swallow
64.2%
bred.
63.8%
bird
63.4%
Chew
63%
inspire,
62.6%
inspire)
62.6%
demon,
61.8%
I'm
61%
I'm
61%
counting,
59.4%
could
58.7%
cup
57.9%
it's
54.7%
running,
53.1%
attic
51.2%
liar,
47.6%
sipped
47.6%
left.
47.2%
ride
44.5%
that'll
43.3%
end
42.5%
tonight.
40.9%
Then
40.6%
brought
33.1%
find
30.7%
Quiz Playlist
Details
Report
Send in Message
Add To Playlist
Classic:
Type in answers that appear in a list
Last Updated: Feb 16, 2017
Quiz Scoreboard
CHALLENGE
Sign Up to Join the Scoreboard
Show All
Scores
Hide
Comments
May contain spoilers
Recently Published
Two Season TV Shows II
by 123Four
Television
10m
Image Sorting: Flags VI
by Barbecue
Geography
2m
Find the 'City' Movie
by crazypaving
Movies
60s
More to Explore
Quiz From the Vault
Featured Blog Post
14 Easter Pick-up Lines to Find Eggs With
hide this ad
You Might Also Like...
Tags
Lyrics Quiz
Today's Top Quizzes in Music
Browse Music
hide this ad
Today's Top Quizzes in Lyrics
Browse Lyrics
Top Contributed Quizzes in Music
1
5X2 Blitz: Bands II
2
5X2 Blitz: The Beatles
3
Taylor Swift All Songs (2024)
4
5X2 Blitz: Billboard
5
5X2 Blitz: Billboard II
6
5X2 Blitz: Album
7
5X2 Blitz: Singers
8
5X2 Blitz: Rock
9
Music Artist by Three 2010s hits
10
5X2 Blitz: Lyrics
Explore More
Trending Topics
Crossword
Harry Potter
Disney
Anime
NBA
Kpop
Marvel
Soccer
Song
WWE
Pokémon
The Office
Country
Puzzle
NFL
hide this ad
More By:
Fish1987
Quiz
Plays
Rating
Category
Featured
Created
Wimbledon men's semi-finalists (open era)
8,396
4.88
Sports
Feb 12, 2019
Tennis open era male grand slam winners
7,037
4.94
Sports
Jul 8, 2012
Premier League Logic Puzzle
6,685
3.38
Sports
Jun 26, 2013
Tennis open era female grand slam winners
5,425
4.50
Sports
Jul 10, 2013
English Football 2nd Tier Teams Since 1992
3,818
4.56
Sports
Feb 24, 2010
Go to Creator's Profile
Score Distribution
Quiz Creator Spotlight
Fish1987
Follow
Send a Message
Quizzes Created
-
Created Quiz Play Count
-
More By This Creator
Popular Quizzes Today
1
Find the US States - No Outlines Minefield
2
Colored Red Africa Blitz
3
Find the 'City' Movie
4
5x2 Blitz: Bands
5
The Countries of the World
6
Find the Countries of Europe - No Outlines Minefield
7
Find the US States
8
US States
More Music Quizzes
60 albums from the 1960s
Curator's Pick
Trending Quizzes
Colored Red Europe Blitz I
Colored Red Africa Blitz II
Colored Red Europe Blitz II
Colored Red Europe Blitz III
Colored Red Africa Blitz III
Recently Updated
How Do You Spell That?
pecheneg
Godzilla Movies
pecheneg
Grab Bag: 4-10 Letters
pecheneg
2024 March Madness Bracket
pecheneg
Famous TV Couples
Peacemaker
Champions League XIs: Real Madrid
pecheneg
Largest US Cities 1790-2010
pecheneg
Rides in Walt Disney World
pecheneg
Most Oscar Losses (Acting)
pecheneg
Beyoncé Albums
pecheneg
Trending Topics
NBA
Harry Potter
Marvel
Anime
Disney
Crossword
Kpop
Song
Soccer
The Office
WWE
Pokémon
Country
Puzzle
NFL
Your Account Isn't Verified!
In order to create a playlist on Sporcle, you need to verify the email address you used during registration. Go to your
Sporcle Settings
to finish the process.
Report this User
Report this user for behavior that violates our
Community Guidelines
.
Details:
Send Report
Go to the Sporcle.com Mobile Site →
Comments